Prthibī parikramā. (Record no. 76273)

MARC details
000 -LEADER
fixed length control field 00580cam a22002291 4500
001 - CONTROL NUMBER
control field sa 67006991
003 - CONTROL NUMBER IDENTIFIER
control field DLC
005 - DATE AND TIME OF LATEST TRANSACTION
control field 20260227112412.0
008 - FIXED-LENGTH DATA ELEMENTS--GENERAL INFORMATION
fixed length control field 890405m19679999xx 000 0 beno
010 ## - LIBRARY OF CONGRESS CONTROL NUMBER
LC control number sa 67006991
035 ## - SYSTEM CONTROL NUMBER
System control number (OCoLC)23572015
040 ## - CATALOGING SOURCE
Original cataloging agency DLC
Transcribing agency MiU
Modifying agency DLC
043 ## - GEOGRAPHIC AREA CODE
Geographic area code n-cn---
050 00 - LIBRARY OF CONGRESS CALL NUMBER
Classification number G480
Item number .C5
100 1# - MAIN ENTRY--PERSONAL NAME
Personal name Chatterjee, Sudhananda,
Dates associated with a name 1912-
245 10 - TITLE STATEMENT
Title Prthibī parikramā.
260 ## - PUBLICATION, DISTRIBUTION, ETC.
Date of publication, distribution, etc. [1967-]
300 ## - PHYSICAL DESCRIPTION
Extent v.
Dimensions 23 cm.
500 ## - GENERAL NOTE
General note Romanized.
651 #0 - SUBJECT ADDED ENTRY--GEOGRAPHIC NAME
Geographic name Canada
General subdivision Description and travel.
651 #0 - SUBJECT ADDED ENTRY--GEOGRAPHIC NAME
Geographic name East Asia
General subdivision Description and travel.

No items available.

Powered by Koha